000
00294nam a2200121Ia 4500
008
241015s9999 xx 000 0 und d
041
_a
eng
082
_a
650.14 REI
100
_a
Reiman
245
_a
Soft Skills For Dummies
260
_b
Wiley India
_a
New Delhi
_c
2023
300
_a
188;. P. 23 cm
999
_c
41868
_d
41868